Snapple Flavors Quiz Stats

 Plays Quiz Retired Nov 2, 2021

     
Support Sporcle.
Go Orange.
Score 0/38 Timer 06:00
0 Plays Today
% Correct
Lemon Tea
86.5%
Diet Lemon Tea
81.3%
Summer Peach
69.2%
Raspberry Tea
65%
Snapple Apple
61.8%
Orangeade
50.1%
Green Tea
46%
Lemonade
45.7%
Grapeade
43.7%
Kiwi Strawberry
34.8%
Diet Peach Tea
31.8%
Peach Tea
28%
Fruit Punch
26.9%
Go Bananas
26.6%
Half 'n Half
26.5%
Diet Raspberry Tea
25.7%
Pink Lemonade
20.6%
Sweet Tea
18.8%
Mango Madness
18.3%
% Correct
Acai Blackberry Juice Drink
16.4%
Diet Green Tea
16.3%
Diet Half 'n Half
10.6%
Kiwi Pear Juice Drink
8.2%
Diet Cranberry Raspberry
7.6%
Cranberry Raspberry
7%
Raspberry Peach
6.6%
Peach Mangosteen
6.3%
Nectarine White Tea
5.6%
Diet Noni Berry
5.4%
Noni Berry Juice Drink
4.3%
Cherry Pomegranate Tea
3.5%
Diet Trop-A-Rocka Tea
3.1%
Peach Passionfruit Tea
3%
Papaya Mango Tea
2.6%
Diet Plum-a-Granate Tea
1.9%
Tea Will Be Loved
1.8%
Pomegranate Raspberry
1.7%
Diet Papaya Mango Tea
1.7%

From the Vault

Great Actress, Bad Review

by Larryholmes79

Movies 7m
Even great actresses get bad reviews sometimes.
Remove Ads.
Support Sporcle.
Get the best of Sporcle when you Go Orange. This ad-free experience offers more features, more stats, and more fun while also helping to support Sporcle. Thank you for becoming a member.

Show Comments

Extras

Top Quizzes Today


Score Distribution

Your Account Isn't Verified!

In order to create a playlist on Sporcle, you need to verify the email address you used during registration. Go to your Sporcle Settings to finish the process.

Report this User

Report this user for behavior that violates our Community Guidelines.

Details: